Statistics for FIFA 23 Best Player From Each Team Bundesliga Edition

Click here to take the quiz!

General Stats

  • This quiz has been taken 105 times
  • The average score is 9 of 18

Answer Stats

TeamRatingTotal Face StatsPlayer% Correct
FC Bayern90501Manuel Neuer
97%
Dortmund85441Marco Reus
93%
RB Leipzig86471Christopher Nkunku
89%
Borussia M'gladbach85467Yann Sommer
86%
Eintracht Frankfurt86463Kevin Trapp
84%
Bayer Leverkusen85427Patrik Schick
80%
Wolfsburg84460Koen Casteels
66%
SC Freiburg82419Matthias Ginter
53%
Hoffenheim83461Angelino
39%
Bochum 184879449Manuel Riemann
38%
Werder Bremen78404Jiri Pavlenka
37%
Koln79440Ellyes Skhiri
33%
Stuttgart78432Wataru Endo
30%
Union Berlin77432Christopher Trimmel
25%
Hertha Berlin77442Suat Serdar
25%
Augsburg77442Niklas Dorsch
22%
Schalke 0476414Florent Mollet
13%
Mainz 0577440Angelo Fulgini
7%

Score Distribution

Percentile by Number Answered

Percent of People with Each Score

Your Score History

You have not taken this quiz